Normal view
MARC view
Entry Personal Name
001 - CONTROL NUMBER
- control field: 12935
003 - CONTROL NUMBER IDENTIFIER
- control field: OSt
005 - DATE AND TIME OF LATEST TRANSACTION
- control field: 20190913094204.0
008 - FIXED-LENGTH DATA ELEMENTS
- fixed length control field: 190913|| aca||aabn | a|a d
040 ## - CATALOGING SOURCE
- Original cataloging agency: OSt
- Transcribing agency: OSt
100 ## - HEADING--PERSONAL NAME
- Personal name: Potter,A.Patricia;Perry,Griffin,Anne;
670 ## - SOURCE DATA FOUND
- Source citation: Work cat.: (OSt): Potter,A.Patricia;Perry,Griffin,Anne;, Canadian Fundamentals of Nursing., 1997.
